| 000 | 00433cam a2200181ua 4500 | ||
|---|---|---|---|
| 001 | 5819 | ||
| 008 | 131023n ii |||gr||||Z||||||asm | ||
| 040 | _cMAIN | ||
| 082 | _a954.022 | ||
| 245 |
_aKhalifar Itihas _cBy Md. Sader Ali |
||
| 250 | _a1st. | ||
| 260 |
_aGuwahati: _bBani Prakash Mudrani, _c1984. |
||
| 300 | _ax,104p. | ||
| 653 | _aHistory | ||
| 653 | _aKhalifar Itihas | ||
| 700 |
_aAli,Md. Sader, _eAuthor., |
||
| 942 | _cBK | ||
| 999 |
_c4974 _d4974 |
||